Desarrollo de didácticas en la asignatura pensamiento creativo : trabajo de los estudiantes /

Bibliographic Details
Main Author: Perdomo, Claritza (Author)
Other Authors: Luengas Fajardo, Ingrid Caterine (Editor)
Format: Electronic eBook
Language:Spanish
Published: Cali, Valle del Cauca, Colombia : Universidad Autónoma de Occidente, [2012]
Edition:Primera edición.
Series:Pre-Textos (Universidad Autónoma de Occidente (Cali, Colombia))
Subjects:
Online Access:Digitalia Hispánica

MARC

LEADER 00000nam a2200000Ii 4500
001 DIGUAOCCTE0098
003 NyNyDIG
006 m o d
007 cr |||||||||||
008 240915s2012 ck a ob 000 0 spa d
035 |a (OCoLC)1456948746 
040 |a DGITA  |b eng  |e rda  |e pn  |c DGITA 
050 1 4 |a LB1062 ebook 
100 1 |a Perdomo, Claritza,  |e author. 
245 1 0 |a Desarrollo de didácticas en la asignatura pensamiento creativo :  |b trabajo de los estudiantes /  |c docente orientador, Ingrid Caterine Luengas Fajardo ; autores, Claritza Perdomo [and 9 others]. 
250 |a Primera edición. 
264 1 |a Cali, Valle del Cauca, Colombia :  |b Universidad Autónoma de Occidente,  |c [2012] 
300 |a 1 online resource :  |b illustrations. 
336 |a text  |b txt  |2 rdacontent 
337 |a computer  |b c  |2 rdamedia 
338 |a online resource  |b cr  |2 rdacarrier 
347 |a text file  |2 rdaft 
347 |b PDF 
490 1 |a Pre-Textos,  |x 2011-7795 
504 |a Includes bibliographical references. 
588 0 |a Online resource; title from PDF title page (Digitalia, viewed September 15, 2024) 
650 0 |a Creative thinking. 
650 0 |a Teaching. 
700 1 |a Luengas Fajardo, Ingrid Caterine,  |e editor. 
791 2 |a Digitalia (Firm),  |e distributor. 
793 0 |g Digitalia eBook Collection:  |a Universidad Autónoma de Occidente 
830 0 |a Pre-Textos (Universidad Autónoma de Occidente (Cali, Colombia)) 
856 4 0 |3 Digitalia Hispánica  |u https://www.digitaliapublishing.com/a/47624/ 
910 |a Premium collection: 2024